000
00328nam a2200145Ia 4500
008
230312s9999||||xx |||||||||||||| ||und||
020
_a
1-58705-882-0
082
_a
004.607
_b
TEA-I
100
_a
Randy;Don
245
0
_a
Cert Guide
260
_b
Cisco
_a
UK
_c
2014
300
_a
945
650
_a
Computer
_v
Computer
942
_c
BK
999
_c
15170
_d
15170